000 00591nab a2200205 4500
003 BR-BrBNA
005 20241208132434.0
008 241208b bl.||||| |||| 00| 0 por d
040 _aBR-BrBNA
_bpor
072 _aF01 ; F06
_b2120
245 _aFernandes, André Luís Teixeira
500 _a7 illus.
520 _aFLORADA
650 _aCAFEZAL
650 _aFLORAÇÃO
650 _aIRRIGAÇÃO
773 0 _04820
_9344684
_dVotuporanga/SP IRRIGAZINE 2009
_o2024-5017
_tIrrigazine (Brazil)
_gv. 8(30) p. 20-23; (Mar 2013)
_wBR2024003882
942 _cANA
999 _c329097
_d329097